|
|
|
|
| LEADER |
01300aam a22003378a 4500 |
| 001 |
00033725 |
| 005 |
20171026081025.0 |
| 008 |
151117s2010 ||||||viesd |
| 020 |
|
|
|c 75000
|
| 041 |
0 |
# |
|a vie
|
| 082 |
1 |
4 |
|a 658.007
|b K250T
|
| 100 |
1 |
# |
|a Phạm, Văn Dược
|e Chủ biên
|
| 245 |
1 |
0 |
|a Kế toán quản trị
|c Phạm Văn Dược (ch.b); Nguyễn Thị Thi Hiền
|n Phần II
|p Phân tích CVP - Dự toán - Đánh giá trách nhiệm - Định giá bán - Thông tin thích hợp để ra quyết định. Lý thuyết - Bài tập - Bài giả
|
| 260 |
# |
# |
|a Thành phố Hồ Chí Minh
|b Đại học công nghiệp Thành phố Hồ Chí Minh
|c 2010
|
| 300 |
# |
# |
|a 342 tr.
|c 24 cm.
|
| 653 |
# |
# |
|a Bài tập
|
| 653 |
# |
# |
|a Kinh doanh
|
| 653 |
# |
# |
|a Tài chính
|
| 653 |
# |
# |
|a Lý thuyết
|
| 653 |
# |
# |
|a Kế toán quản trị
|
| 653 |
# |
# |
|a Kinh tế
|
| 700 |
1 |
# |
|a Nguyễn, Thị Thu Hiền
|
| 852 |
# |
# |
|j KM.0018066
|j KM.0019434
|j KD.0018880
|
| 852 |
# |
# |
|b Kho đọc
|j KD.0018880
|
| 852 |
# |
# |
|b Kho mượn
|j KM.0018066, KM.0019434
|
| 910 |
|
|
|d 17/11/2015
|
| 980 |
# |
# |
|a Trung tâm Học liệu Lê Vũ Hùng, Trường Đại học Đồng Tháp
|